[Event "EU-ch 4th"]
[Site "Istanbul"]
[Date "2003.05.31"]
[Round "2"]
[White "Van Wely, Loek"]
[Black "Iordachescu, Viorel"]
[Result "1/2-1/2"]
[WhiteElo "2675"]
[BlackElo "2550"]
[Annotator "Golod,V"]
[PlyCount "108"]
[EventDate "2003.05.30"]
[EventType "swiss"]
[EventRounds "13"]
[EventCountry "TUR"]
[SourceTitle "CBM 096"]
[Source "ChessBase"]
[SourceDate "2003.09.25"]
[SourceVersion "1"]
[SourceVersionDate "2003.09.25"]
[SourceQuality "1"]

1. d4 Nf6 2. c4 e6 3. Nc3 Bb4 4. Qc2 O-O 5. a3 Bxc3+ 6. Qxc3 b5 7. cxb5 c6 8.
a4 $5 {Rare and not so successful continuation.In this line you can find only
four games in Mega Database 2003.Besides this move,White has few options:} (8.
Bg5 {It's main line.You can see my comments to games: Kramnik,V-Adams,M/
Dortmund,1998/CBM 66 (1/2-1/2)(41) and Georgiev,K-Nikolic,P/Sarajevo,1998/CBM
66 (1/2-1/2)(31)}) (8. f3 $5 {See comments to Kiriakov,P-Wells,P/Hastings,2002/
CBM 87(1/2-1/2)(Golod,V)(44)}) ({and} 8. e3 {See comments to Ostenstad,
B-Tisdall,J/Ostlandsserien,1994/ CBM68(0-1)(Tisdall,J)(28)}) 8... a6 $1 {
><b4;<->b. Black wants immediately to begin pressure on the quuen side.} ({
It was checked up in previous games:} 8... Bb7 9. Nf3 cxb5 (9... a6 $6 10. bxa6
Nxa6 11. Bg5 {+/=/+/- Botsari,A-Amura,C/Jakarta,1993(0-1)(38)}) 10. axb5 Ne4
11. Qd3 Qf6 12. e3 $14 {Rajkovic,D-Milanovic,D/Cetinje,1992(0-1)(32)}) 9. bxa6
({I can not recommended in this position:} 9. b6 $6 a5 10. Qb3 Na6 11. Bf4 Nb4
{[%csl Rb6]} 12. Bc7 (12. Bd6 Re8 {[%csl Rb3,Rb6][%cal Gd8b6]}) 12... Qe7 13.
Nf3 Nfd5 $13 {Guliev,S-Yevseev,D/Koszalin,1999(1/2-1/2)(21)}) 9... Ne4 $1 $146
({The game,which have reached this position were continued as follows:} 9...
Bxa6 $143 10. Nf3 Ne4 11. Qc2 f5 12. e3 $6 (12. b4 $5) 12... Bxf1 13. Kxf1 Qa5
14. Bd2 Qa6+ 15. Kg1 Qe2 $132 {Botsari,A-Gavrilakis,N/Athens,1994(0-1)(26)})
10. Qc2 d5 ({Is a possibly contination of the play:} 10... f5 $5 11. Nh3 $140 {
/\f3} Nxa6 $13 {[%cal Ga6b4]}) 11. e3 Nxa6 {[%csl Rb4][%cal Ga6b4] It became
already clear, that Black have decided all opening problems.} ({It deserves
attention:} 11... Bxa6 $5 $44) 12. Bxa6 $5 {This move is much better,than:} (
12. Bd2 $6 c5 $1 $44 13. Bxa6 $140 $6 Bxa6 14. dxc5 Bc4 $36 {[%csl Rc5][%cal
Ge4c5]} {and now impossibly:} 15. b3 $4 {in view of:} (15. b4 $144 $4 Qf6 {
[%csl Ra1,Rf2]}) 15... Qf6 {[%csl Ra1,Rf2]}) 12... Bxa6 $140 13. Ne2 {[%cal
Ye1g1,Yh1f1]} c5 $5 $44 {Viorel Iordachescu had a rather uneasy choice between
it and another continuation:} (13... Bxe2 $5 14. Qxe2 (14. Kxe2 $143 Qh4 {
[%csl Rf2,Rh1]} 15. Ke1 Rfb8 $44) 14... Qa5+ (14... c5 $5) 15. Bd2 Nxd2 16.
Qxd2 Rfb8 $11 {[%csl Rb2]}) 14. dxc5 ({Less essentially next continuation:} 14.
f3 cxd4 {[%cal Gd4d3]} 15. exd4 (15. Nxd4 $2 Rc8 {/\Qh4;עe1.}) 15... Rc8 (
15... Qa5+ $6 16. Bd2 Nxd2 17. Qxd2 Qxd2+ 18. Kxd2 Rfb8 19. Rhb1 Rb4 20. b3 {
+/=/+/-}) 16. Qd1 Nd6 17. O-O Qf6 $44 {[%csl Rd4]}) 14... Qa5+ ({Can it was
necessary to decide on the more active continuation:} 14... Bxe2 15. Kxe2 (15.
Qxe2 $6 Qb8 16. O-O Nxc5 $11 {[%csl Ra4]}) 15... Rc8 {[%csl Rc5]} 16. f3 (16.
b4 $2 Qf6 {[%csl Ra1,Rf2]} 17. Ra3 Qxf2+ 18. Kd1 Qh4 {[%cal Ge4f2]} 19. Rf1
Qxh2 $15 {[%csl Rd1]}) 16... Rxc5 $1 (16... Nxc5 $143 17. b4 Ne4 18. Qb2 Nd6
19. a5 $14) 17. Qd3 Qg5 $13) 15. Bd2 Nxd2 16. Qxd2 Qxc5 17. O-O {At last,White
have removed the K from the centre.} ({Pretty dubiously:} 17. Nd4 Rfb8 (17...
Qd6 $5 {[%cal Gf8b8]}) 18. Rc1 Qd6 {[%csl Yb8,Re1][%cal Ga6f1]}) ({or:} 17. b4
Qd6 {[%csl Ra1,Rb4]} 18. Nd4 Rfb8 {[%csl Ra1,Ga8]} 19. Nc2 (19. Rb1 $2 Bc4 {
[%csl Ra4,Rb1]}) 19... Bc4 $36) 17... Rfb8 18. Rfb1 Qb4 ({Leads to favourable
simplifications for White:} 18... Bxe2 $6 19. Qxe2 Qb4 {[%csl Ra4][%cal Ga8a4]}
20. b3 Rc8 21. Qe1 $1 $14) 19. Nc3 Bc4 $44 20. Qd4 {White had no other worthy
alternative.} Qb3 21. h3 {[%csl Yh2]} h6 {[%csl Yh7]} 22. a5 f6 {Last moves
were made according to the standard chess norms.} 23. Ra3 Qb4 {[%csl Ra5]} 24.
Ra4 Qb3 25. Qc5 {White have decided to continue the game and to not repeat
moves:} (25. Ra3 Qb4 26. Ra4 Qb3 $11) 25... e5 $6 {It's discrepancy, which
allows to receive a material advantage for contender.} ({It was necessary:} 
25... Bd3 $1 26. Rba1 (26. Ra3 Qc4 {[%csl Yb1,Rb2][%cal Gd3b1,Yb1b2]}) 26...
Qxb2 $11 {[%csl Rc3][%cal Gb8c8]} 27. Nxd5 $140 $6 Bb5 $1 {[%csl Ra4,Rd5]} (
27... exd5 $2 28. Qxd5+ {[%csl Rd3,Rg8]}) 28. Ne7+ (28. R4a2 $2 Qe5 29. Ne7+
Kf7 {[%csl Re7]}) 28... Kf7 29. Nc6 Bxa4 30. Rxa4 $44) 26. Ra3 {White did not
use discrepancy of the contender:} (26. a6 $1 Rxa6 (26... Bxa6 27. Qxd5+ Qxd5
28. Nxd5 Bd3 29. Rxa8 Rxa8 30. Rd1 e4 $14) 27. Rxa6 Bxa6 28. Nxd5 (28. Qxd5+ $2
Qxd5 29. Nxd5 Bd3 30. Rd1 Bc4 $11 {[%csl Rb2,Gb8,Gc4,Rd5]}) 28... Bd3 {[%csl
Rb2]} 29. Ra1 Bc4 (29... Be4 $6 30. Nc3 Qxb2 31. Ra7 {[%csl Rg8]} Bb7 (31...
Kh7 $2 32. Nxe4 Qb1+ 33. Kh2 Qxe4 34. Rxg7+ Kxg7 35. Qc7+ $16 {[%csl Rb8,Rg7]})
32. Kh2 $36 {[%csl Rg8]}) 30. Nc3 Bf7 31. Rd1 $14 {[%csl Rb8][%cal Yd1d2,Yd2b2]
}) 26... Qc2 ({Hardly it was better:} 26... Qb7 27. Rd1 {[%csl Rd5]}) 27. b4 $6
({Leads to equality:} 27. Rba1 {[%csl Rd5]} Rxb2 $1 28. e4 $140 d4 29. Qxc4+
Kh7 30. Rf1 dxc3 31. Rxc3 Qd2 {[%csl Ra5]}) 27... Rc8 28. Qb6 Kh8 $6 ({Leads
to favourable complications for Black:} 28... d4 $1 29. exd4 $140 Bf7 {[%csl
Rb1,Yc3][%cal Gc8c3]} 30. Qb7 exd4 31. Qe4 Rxc3 32. Qxa8+ Rc8 {[%csl Ra8,Rb1]}
33. Qxc8+ Qxc8 34. b5 Bg6 $15) 29. b5 $6 ({It was much better:} 29. Rba1 {
-this move is directed against progress "d4".}) 29... Rab8 $2 {Again Voirel
Iordachescu missed an excellent opportunity to receive a material advantage:} (
29... d4 $1 30. exd4 $140 Bg8 {[%csl Rb1,Yc3][%cal Gc8c3,Yc3b1]}) 30. Qd6 Rd8
31. Qc5 $2 {The mistake follows a mistake.} ({It was necessary to protect a
rook:} 31. Qb4 $16 {[%cal Yb4b1]}) 31... Rbc8 32. Qb4 d4 33. exd4 exd4 34. Nd1
(34. Na4 Rd5 35. Qb2 Qxb2 36. Nxb2 Bxb5 $11) 34... Rd5 {[%csl Rb5][%cal Gd5b5]
Black have calculated precisely all consequences of this move.} 35. b6 $6 {
The pleased doubtful decision,but White still has a equality.} (35. Qb2 $5 Qf5
$11 {[%csl Rb1,Rb5][%cal Yf5c8,Gd5b5]}) 35... Rb5 {[%csl Rb1,Rb4]} 36. b7 $8
Rb8 (36... Re8 $2 {is refuted by:} 37. Qxb5 Bxb5 38. Rxb5 Qxd1+ 39. Kh2 Qc1 {
[%csl Rh2][%cal Gc1f4]} (39... Rb8 $4 40. a6 {[%cal Ga6a7]}) 40. b8=Q Rxb8 41.
Rxb8+ Kh7 42. Rbb3 {[%cal Ga5a6]} Qf4+ 43. Rg3 $16) {[%tqu "En","?Please enter
the best move for White.","It is necessary to use a weakness of the Black's
king!","","b4b5","",0,"b4d6","",10]} 37. Qxb5 $4 {It already decisive mistake.}
(37. Qd6 $1 Rxb1 (37... Qxb1 38. Qxb8+ Kh7 39. Qc7 Rxb7 40. Qxc4 Qxd1+ 41. Kh2
Qd2 $11) 38. Qxb8+ Kh7 39. Qc8 Qxd1+ 40. Kh2 Qg1+ $1 41. Kg3 $140 Qc1 {[%csl
Ra3]} 42. Qf5+ $11 {[%csl Rh7][%cal Gf5c8]}) 37... Bxb5 38. Rxb5 Qxd1+ 39. Kh2
{[%csl Ya3,Ga5,Yb5,Gb7][%cal Ga5a6,Ga6a7]} Qc1 $19 {[%csl Ra3,Rb7,Rh2][%cal
Gc1c7,Gc1a3]} 40. Rab3 Qc6 $6 {[%cal Gd4d3]} ({It at once wins a game:} 40...
d3 $1 41. Rxd3 (41. a6 $143 Qf4+ 42. Kg1 Qa4 {[%csl Ra6,Rb3,Rb5][%cal Gd3d2]})
41... Qc7+ 42. g3 Rxb7 43. Rxb7 Qxb7 $19 {[%csl Ra5,Rf2]}) 41. Rb6 Qc7+ (41...
Qa4 $2 42. a6 Kh7 43. R3b4 Qa5 44. R4b5 Qa2 45. Rb2 $11 {[%csl Ra2][%cal Yb2b1,
Yb2b5,Ga6a7]}) 42. g3 d3 43. a6 $8 (43. Rxd3 $2 Rxb7 $19) 43... d2 44. a7 d1=Q
45. a8=Q $1 {It is sole practical chance of rescue.} ({After:} 45. axb8=Q+ Qxb8
{[%cal Yh8g8,Yg8f7,Yf7e7,Ye7d7] the king approaches to Pb7 and Black gradually
win this position.}) {[%tqu "En","Please enter the best move for Black.","","",
"d1d8","",0,"c7c1","",10]} 45... Qdd8 $6 {[%csl Ra8,Rb6]} ({Immediately wins a
game the following move:} 45... Qcc1 $3 46. Qxb8+ Kh7 $19 {[%csl Rh2][%cal
Gd1h1,Yd1g1]} 47. Qh8+ $8 Kxh8 48. b8=Q+ Kh7 {with mate in 5 moves.}) 46. Qa6 {
[%csl Yb7]} Qc5 {[%csl Rf2]} 47. Rb2 (47. Kg2 $142 Qd1 48. Qf1 (48. Qa8 $2
Qcd5+ {[%csl Ra8]}) 48... Qxf1+ 49. Kxf1 {-/+/-+}) 47... Qcd4 $6 ({Can it was
necessary to decide on the more active move:} 47... Qd1 $1 $19 {[%csl Rf2,Rh2]
[%cal Gc5c1]}) 48. R6b4 Qe5 49. Rc2 {[%cal Yb4c4,Yc4c8]} Qee7 50. Rbb2 {
[%csl Yb2,Yc2] The White's parts are consolidated and now it will be complex
to ram their position.} Qed7 (50... Qd5 $142 {[%csl Rb7,Rh2][%cal Ge7e1]}) 51.
Qa7 $1 Kh7 $4 {"Final chord".} ({After:} 51... Qf8 52. Rd2 Qf5 {Black keeps a
good chances to win.}) {[%tqu "En","Please enter the best move for White.","",
"","c2d2","Drawn game is inevitable.",10]} 52. Rd2 $1 {[%csl Rb8,Gd2,Yd7,Yd8]
Drawn game is inevitable.} Qxd2 (52... Rxb7 $144 53. Rxd7 Rxd7 $11) 53. Rxd2
Qxd2 54. Qxb8 Qxf2+ $11 {[%csl Rh2]} 1/2-1/2

[Event "Mermaid Beach Club"]
[Site "Bermuda"]
[Date "1999.02.01"]
[Round "11"]
[White "Teplitsky, Yan"]
[Black "Gershon, Alik"]
[Result "1/2-1/2"]
[WhiteElo "2453"]
[BlackElo "2467"]
[Annotator "Golod,V"]
[PlyCount "54"]
[EventDate "1999.01.21"]
[EventType "tourn"]
[EventRounds "13"]
[EventCountry "BER"]
[EventCategory "9"]
[SourceTitle "CBM 069"]
[Source "ChessBase"]
[SourceDate "1999.04.01"]
[SourceVersion "1"]
[SourceVersionDate "1999.04.01"]
[SourceQuality "1"]

{[%mdl 4]} 1. d4 Nf6 2. c4 e6 3. Nc3 Bb4 4. Qc2 O-O 5. a3 Bxc3+ 6. Qxc3 b6 7.
Bg5 Bb7 8. f3 d5 9. e3 h6 10. Bh4 Nbd7 11. cxd5 $5 {Besides,white has two
options:} (11. Nh3) ({and} 11. Bd3) 11... Nxd5 12. Bxd8 Nxc3 13. Bh4 $5 ({
There are three alternatives:} 13. Be7 $6) (13. Bxc7 $5) (13. bxc3 $6) 13...
Nd5 14. Bf2 {from 14.Bf2 to-16.Bb5 of this game,you can see comments in the
game:Gelfand,B-Tiviakov,S/Elista 1998/CBM 65(1/2-1/2)(Golod,V)(23).} c5 {
Is the main line,other lines are:} (14... f5 $5 {/\e5-e4[14...Rac8;14...Rfc8];
see comments to Gelfand,B-Tiviakov,S/Elista 1998/CBM 65(1/2-1/2)(Golod,V)(23)})
15. e4 ({In my opinion slightly better is:} 15. Bb5 $5 Rfd8 {[N!?Kramnik,V]} (
15... Rad8 $142 {Jelen,I-Farago,I/Ljubljana 1997/1-0 (61)}) (15... N5f6 {
Ljubojevic,L-Kramnik,V/Amber-rapid,6-th 1997/0-1 (63)}) 16. e4 $5 (16. Ne2 cxd4
17. Nxd4 Nc5 18. O-O Nc7 19. Bc4 e5 20. Nf5 Ba6 21. Bxa6 N7xa6 22. Ne7+ Kf8 23.
Nc6 Re8 24. b4 Re6 25. bxc5 Rxc6 26. cxb6 axb6 27. e4 Nc5 28. Rfc1 Rac8 {
1/2-1/2 Topalov,V-Kramnik,V/Monte Carlo 1998/CBM 63 ext (28)}) 16... Ne7 17.
Ne2 Bc6 18. Ba6 b5 19. a4 bxa4 20. dxc5 Ne5 21. Nd4 $14 {1-0 Kasparov,
G-Kramnik,V/Moscow RUS 1998 (61)}) 15... Ne7 $5 ({Slightly worse is:} 15... Nf4
) ({and dubious:} 15... N5f6 {(see comments to Gelfand,B-Tiviakov,S)}) 16. Bb5
Nc6 $5 ({Worse is:} 16... Bc6 17. Bxc6 Nxc6 18. Ne2 cxd4 19. Nxd4 Nxd4 20. Bxd4
{and white has a slight advantage on the endgame.}) 17. Ne2 ({Badly:} 17. d5 {
because of:} exd5 18. exd5 Rae8+ 19. Ne2 Nce5 $36 {[%cal Ga7a6]} (19... Ncb8
$143) 20. f4 $140 $2 a6 $17) ({Can be recommended:} 17. Rc1 $5 Rac8 (17... cxd4
$6 {is refuted by:} 18. Rxc6 $1 (18. Bxc6 $6 Rac8 $11) 18... Bxc6 19. Bxc6 Rad8
20. Ne2 {+/=/+/-}) 18. dxc5 Nxc5 19. Bxc5 bxc5 20. Ne2 {with slight positional
advantage of white.} (20. Rxc5 $2 Nd4 21. Rxc8 Rxc8 $36)) 17... Rfc8 18. O-O ({
Now also dubious:} 18. d5 {in view of:} exd5 19. exd5 Nce5 {[%cal Ga7a6]})
18... cxd4 19. Nxd4 Nc5 {+/=/=} 20. Rac1 $5 $146 (20. Nxc6 {1/2-1/2 Gurevich,
M-Polugaevsky,L/New York op 1989(20)} {(} Bxc6 21. Bxc6 Rxc6 22. Rac1 Rac8 $11
{)}) 20... Nxd4 ({Worse is:} 20... Ne5 21. Rcd1 a6 22. Be2 Na4 23. Rd2 $14 Nc4
$140 $4 24. Bxc4 Rxc4 25. b3 $18 {[%csl Ra4,Rc4][%cal Gb3c4,Gb3a4]}) 21. Bxd4
Nb3 {[%cal Gb3c1,Gb3d4]} 22. Rxc8+ Rxc8 23. Bc3 $5 ({After:} 23. Be3 Rc2 $1 (
23... e5 $6 24. Rd1 $14) (23... Rd8 $143 24. Kf2 {+/=/=}) 24. Rf2 $140 (24. Rd1
$2 Rxb2 25. Rd8+ Kh7 26. Rd7 Na5 $15 {[%cal Ya5b7,Gb2b5]}) 24... Rc7 {equality}
) 23... Rd8 $5 {[%cal Gb3d4]} 24. Ba4 $6 (24. Kf2 $142) 24... Nd4 25. Kf2 (25.
Rd1 $2 Ne2+ 26. Kf2 Rxd1 27. Bxd1 Nxc3 28. bxc3 e5 {[%cal Gg8f8,Gf8e7,Ge7d6,
Gd6c5] =/=/+}) 25... Bc6 $1 26. Rd1 $6 ({Dubious::} 26. Bd1 {in view of:} Nb5 {
[%csl Rc3,Rd1][%cal Gb5c3,Gd8d1]} 27. Bb4 $140 $2 (27. Be5 $142 f6 28. Bf4 Nd4
{=/=/+}) 27... a5 $17) ({Logically:} 26. Bxc6 $1 Nxc6 27. Rc1 e5 $5 {with
minimum chances for a win of Yan Teplitsky.}) 26... Bxa4 27. Rxd4 Rxd4 1/2-1/2

[Event "EU-Cup 18th"]
[Site "Kallithea"]
[Date "2002.09.28"]
[Round "7.5"]
[White "Golod, Vitali"]
[Black "Bogdanovski, Vlatko"]
[Result "1-0"]
[WhiteElo "2538"]
[BlackElo "2483"]
[Annotator "Golod,V"]
[PlyCount "67"]
[EventDate "2002.09.22"]
[EventType "team-swiss"]
[EventRounds "7"]
[EventCountry "GRE"]
[SourceTitle "CBM 092"]
[Source "ChessBase"]
[SourceDate "2003.02.06"]
[SourceVersion "1"]
[SourceVersionDate "2003.02.06"]
[SourceQuality "1"]
[WhiteTeam "Beer Sheva"]
[BlackTeam "Skopje Alkaloid"]
[WhiteTeamCountry "ISR"]
[BlackTeamCountry "MKD"]

1. d4 Nf6 2. c4 e6 3. Nc3 Bb4 4. Qc2 d6 {This continuation is more popular on
the following move,after 4...0-0.} 5. Bg5 $5 {I chose between two alternatives
(5.Bg5 and 5.Nf3). I recently have commented on a game of my contender (in 5.
Nf3) and was afraid,that he can strengthen game of black.} Nbd7 6. e3 c5 $1 {
Differently white will receive a advantage,after 7.Nge2 /\a3.} (6... b6 $143 {
You can see comments to Kramnik,V-Yermolinsky,A/Wijk aan Zee,1999/CBM 69(1-0)
(Golod,V)(40)}) 7. Bd3 Qa5 {[%csl Rg5]} 8. Nge2 cxd4 9. Bxf6 Nxf6 ({After:} 
9... dxc3 10. Bxc3 Bxc3+ 11. Nxc3 {white has a small positional advantage.})
10. exd4 (10. Nxd4 $143 d5 11. cxd5 Nxd5 12. O-O Nxc3 13. bxc3 Bd6 $11 {
Lima,D-Hracek,Z/Moscow,1994(0-1)(31)}) 10... d5 $6 $146 {This positional
concession can be justified only by concrete game.} ({Was checked in the
previous game:} 10... Bd7 $5 11. O-O $140 Rc8 (11... Bxc3 $5 12. Nxc3 $140 Qb6
{[%csl Rd4]}) 12. a3 Bxc3 13. Nxc3 Qb6 $1 $13 {[%csl Rd4] Azmaiparashvili,
Z-Kurajica,B/Strumica,1995(1-0)(39)}) 11. c5 $1 ({Leads to equality:} 11. cxd5
exd5 (11... Nxd5 $5) 12. O-O O-O 13. a3 Be7 $11 (13... Bd6 $143 14. Nb5 $36))
11... b6 $140 12. c6 {In it essence of my idea!} Ba6 ({Is a possible
continuation of the play:} 12... a6 {[%csl Ya5][%cal Gb6b5,Ya5d8]}) 13. O-O Rc8
$6 ({In my opinion,it was better:} 13... Bxd3 14. Qxd3 a6 15. a3 Bxc3 $8 16.
Nxc3 b5 17. b4 Qc7 18. a4 bxa4 (18... Qxc6 $2 19. axb5 axb5 20. Rxa8+ Qxa8 21.
Qxb5+ $16) 19. Rxa4 Qxc6 20. Rfa1 {[%csl Ra6] and black still it is necessary
to equalize a position.}) 14. a3 Bxc3 15. Nxc3 {[%csl Ra5][%cal Gb2b4]} Bxd3 ({
Hardly is better:} 15... b5 16. Na2 $1 {(during a game I did not see this move)
} (16. b4 $143 Qb6 17. a4 Rxc6 (17... Qxc6 $5 18. Rfc1 Qb6 19. Qd2 $14) 18. Qd2
$1 $36 {[%csl Rb5]} (18. axb5 $2 Bxb5 19. Bxb5 Qxb5 20. Nxb5 Rxc2 21. Rxa7 O-O
$11)) 16... Qb6 17. Nb4 {+/=/+/-}) 16. Qxd3 b5 $8 17. Qxb5 Qxb5 $6 ({Probably,
it was better:} 17... Qc7 18. Rac1 Qxc6 (18... O-O 19. Na4 {[%csl Yb5,Yc1,Gc6]}
) 19. Qxc6+ Rxc6 20. Nxd5 Kd7 21. Nxf6+ gxf6 22. Rxc6 Kxc6 23. Rc1+ {+/-/+/=_|_
}) 18. Nxb5 Rxc6 19. Nxa7 (19. Rfc1 $2 Kd7 20. Nxa7 (20. Rxc6 $143 Kxc6 21.
Nxa7+ $140 $4 Kb6 {[%csl Ra7]}) 20... Rb6 {[%csl Ra7,Rb2][%cal Gh8a8]}) 19...
Rb6 20. a4 $1 {[%cal Ga7b5]} ({It is bad to keep of the superfluous pawn:} 20.
Rfb1 Kd7 {[%csl Ra7][%cal Gh8a8]} 21. a4 Rb4 22. Nb5 Ra8 23. b3 Ne4 $44) 20...
Rxb2 $140 (20... Kd7 21. Nb5 $16) 21. Rfb1 $16 {[%csl Ga4,Re8]} Rxb1+ 22. Rxb1
Ke7 {Differently,king of black- outside of game.} 23. Rb7+ Nd7 24. a5 Ra8 ({
It deserves attention:} 24... g5 {[%csl Yg5][%cal Yg5f4,Yg5h4]}) 25. a6 g5 (
25... Kd6 $5 26. f4 $16 {[%csl Rf7,Rg7,Rh7]}) 26. Nc6+ $1 {I translate my
knight on more strong "parking".} Kd6 27. Nb4 f6 $6 (27... Rc8 $142 28. h4 $5 {
[%csl Yh2][%cal Ga6a7]}) 28. a7 Rc8 29. h4 $1 Rc1+ 30. Kh2 Ra1 31. hxg5 fxg5
32. g4 $1 {[%csl Rg5,Rh7]} h6 ({Also loses:} 32... Ra3 33. Kg2 $140 Ra1 {
[%cal Ya1h1] because of:} 34. Kf3 e5 $140 35. Nxd5 $1 exd4 36. Rxd7+ $1 Kxd7
37. a8=Q Rxa8 38. Nb6+ Kc6 39. Nxa8 Kb7 40. Ke4 Kxa8 41. Kxd4 Kb7 42. Ke5 Kc6
43. Kf5 h6 44. Kg6 $18 {[%csl Rg5,Rh6]}) 33. Kg2 $22 {[%csl Ya1][%cal Gg2f1]}
Ra4 34. Kf1 $138 {In this hopeless position,my contender has lost "on time".} (
{For example:} 34. Kf1 Ke7 (34... Ra1+ $143 35. Ke2 Ra3 36. Kd1 Ra1+ (36... e5
37. dxe5+ Nxe5 38. Rb6+ Kc7 39. Na6+ (39. Nxd5+ $5 Kd7 40. Rxh6 $18) 39... Kxb6
40. a8=Q Nc6 (40... Rxa6 $4 41. Qb8+ {[%csl Rb6,Re5]}) 41. Qf8 Rxa6 42. Qxh6
$18 {[%csl Rg5]}) 37. Kc2 Ra4 38. Kb3 Ra5 39. f3 $22 {A nice example of
zugzwang.Black's pieces can't move at all.}) 35. Ke2 Kd6 36. Kd1 e5 (36... Ke7
$2 37. Kc2 Kd6 38. Kb3 Ra5 39. f3 $22) 37. dxe5+ Ke6 (37... Nxe5 $2 38. Rb6+
Kc7 39. Na6+ (39. Nxd5+ $5 Kd7 40. Rxh6 $18) 39... Kxb6 40. a8=Q Nc6 41. Qh8
Rxa6 42. Qxh6 $18 {[%csl Rg5]}) 38. Nd3 $18) 1-0